[Event "7th Americas Continental 2012"]
[Site "Mar del Plata ARG"]
[Date "2012.10.16"]
[Round "6.2"]
[White "Granda Zuniga,J"]
[Black "Valerga,D"]
[Result "1/2-1/2"]
[WhiteElo "2647"]
[BlackElo "2485"]

1.d4 d5 2.c3 Nf6 3.Bg5 c6 4.Nd2 Bf5 5.e3 Nbd7 6.Be2 h6 7.Bf4 e6 8.g4 Bg6
9.f3 c5 10.h4 Qb6 11.Qc1 Bd6 12.Bxd6 Qxd6 13.Nf1 e5 14.dxe5 Nxe5 15.Qd2 O-O-O
16.Nh3 Qc6 17.Nh2 Nc4 18.Bxc4 dxc4 19.Qf2 h5 20.gxh5 Bd3 21.Ng5 Rxh5 22.Nxf7 Re8
23.Ng5 Reh8 24.Nf7 Rf8 25.Ng5 Rfh8 26.Nf7 Rf8  1/2-1/2

[Event "7th Americas Continental 2012"]
[Site "Mar del Plata ARG"]
[Date "2012.10.17"]
[Round "7.2"]
[White "Cori,J"]
[Black "Granda Zuniga,J"]
[Result "1/2-1/2"]
[WhiteElo "2522"]
[BlackElo "2647"]

1.d4 Nf6 2.c4 e6 3.g3 c5 4.d5 exd5 5.cxd5 d6 6.Nc3 g6 7.Bg2 Bg7 8.Nf3 O-O
9.O-O Re8 10.Bf4 a6 11.a4 Nh5 12.Bg5 Qc7 13.Qc2 Nd7 14.e4 Rb8 15.a5 b5 16.axb6 Qxb6
17.Rfb1 Ne5 18.Nxe5 Bxe5 19.Qa4 Rf8 20.Nd1 Qc7 21.Bh6 Ng7 22.Ne3 Bxb2 23.Ra2 Bd4
24.Rxb8 Qxb8 25.Bf1 Rd8 26.Kg2 Rd7 27.Nc4 Qb1 28.Qc2 Qxc2 29.Rxc2 Rd8 30.Bf4 Ne8
31.Na5 Bd7 32.Nb7 Rb8 33.Nxd6 g5 34.Nxe8 gxf4 35.Nc7 fxg3 36.hxg3 a5 37.Na6 Ra8
38.Bd3 a4 39.Nxc5 a3 40.Nb3 Bb2 41.Nc1 Kf8 42.Rc7 Ke8 43.Na2 Kd8 44.Rb7 Kc8
45.Rb4 Kc7 46.Kf3 f6 47.Bb5 Bc8 48.Rc4+ Kb6 49.Ba4 Ba6 50.Rb4+ Kc5 51.Bc6 Rd8
52.Ba4 f5 53.exf5 Rxd5 54.Bb3 Rxf5+ 55.Kg2 Re5 56.Ra4 Bb5 57.Rf4 Bd3 58.Nb4 Be4+
59.f3 Bg6 60.Kf1 Re3 61.Ba2 Bc3 62.Kf2 Re5 63.Rc4+ Kb5 64.Rxc3 Kxb4 65.Rc4+ Kb5
66.Rc3 Kb4  1/2-1/2

[Event "7th Americas Continental 2012"]
[Site "Mar del Plata ARG"]
[Date "2012.10.17"]
[Round "8.3"]
[White "Granda Zuniga,J"]
[Black "Shabalov,A"]
[Result "0-1"]
[WhiteElo "2647"]
[BlackElo "2570"]

1.Nf3 c5 2.g3 g6 3.d4 cxd4 4.Nxd4 Bg7 5.Bg2 Nc6 6.Nb3 b6 7.O-O Ba6 8.Re1 Nf6
9.e4 O-O 10.f4 Rc8 11.Nc3 d6 12.h3 Nd7 13.Re3 b5 14.Kh2 Nb6 15.a3 Nc4 16.Rf3 e6
17.Qe1 Re8 18.Nd1 Bb7 19.c3 f5 20.Rd3 e5 21.Nc5 Ba8 22.b3 N6a5 23.b4 fxe4
24.Nxe4 Nb3 25.fxe5 Nxe5  0-1

[Event "7th Americas Continental 2012"]
[Site "Mar del Plata ARG"]
[Date "2012.10.19"]
[Round "9.9"]
[White "Della Morte,G"]
[Black "Granda Zuniga,J"]
[Result "0-1"]
[WhiteElo "2346"]
[BlackElo "2647"]

1.e4 c5 2.Nf3 e6 3.d4 cxd4 4.Nxd4 a6 5.Bd3 Qb6 6.Nb3 Qc7 7.O-O Nf6 8.Qe2 d6
9.c4 Be7 10.Nc3 O-O 11.Bd2 Nc6 12.f4 Nd7 13.Kh1 Re8 14.Qf2 b6 15.Rac1 Nc5
16.Bb1 Bb7 17.Be3 Rac8 18.Nd2 Qb8 19.a3 a5 20.e5 dxe5 21.f5 Rf8 22.Nde4 exf5
23.Qxf5 g6 24.Nf6+ Bxf6 25.Qxf6 Nd7 26.Qh4 Nd4 27.Qe7 Qc7 28.Bh6 Nc6 29.Qh4 Rfe8
30.c5 Nd8 31.Rcd1 Nxc5 32.Qf6 Nde6 33.Nb5 Qe7 34.Qxe5 Qh4 35.Nd6 Qxh6 36.Nxe8 Rxe8
37.b4 Qh3 38.Rf2 axb4 39.axb4 Qg4 40.Rdf1 Nd7 41.Qd6 Ng5 42.Bf5 gxf5 43.Qxd7 Qe4
44.Qxf5 Qxf5 45.Rxf5 Ne4 46.Rxf7  0-1

[Event "7th Americas Continental 2012"]
[Site "Mar del Plata ARG"]
[Date "2012.10.20"]
[Round "10.5"]
[White "Granda Zuniga,J"]
[Black "Hungaski,R"]
[Result "1-0"]
[WhiteElo "2647"]
[BlackElo "2451"]

1.Nf3 Nf6 2.b3 d6 3.d4 g6 4.Bb2 Bg7 5.c4 O-O 6.Nc3 c5 7.e3 Bg4 8.Be2 cxd4
9.Nxd4 Bxe2 10.Ndxe2 Nc6 11.Qd2 a6 12.O-O Qa5 13.Rfd1 b5 14.Nd5 Qxd2 15.Rxd2 Nxd5
16.Bxg7 Kxg7 17.cxd5 Na7 18.f3 Rfc8 19.Kf2 Kf8 20.e4 a5 21.a3 a4 22.bxa4 bxa4
23.Rb1 Rc7 24.Rb4 Nc8 25.Ke1 Ra6 26.Kd1 Nb6 27.Rc2 Rxc2 28.Kxc2 e5 29.Nc1 Ke7
30.Nd3 Kd8 31.Nb2 Kc7 32.g4 f6 33.h4 Ra8 34.Kd2 h5 35.gxh5 gxh5 36.Ke2 Ra5
37.Kd2 Ra8 38.Ke2 Ra5 39.Nd3 Ra8 40.Rb1 Kb7 41.Nb2 Ka6 42.Nd1 f5 43.Rc1 fxe4
44.fxe4 Rc8 45.Rxc8 Nxc8 46.Kd3 Nb6 47.Nc3 Ka5 48.Ne2 Kb5 49.Ng3 Nc4 50.Nxh5 Nxa3
51.Ng3 Kb4 52.h5 Nb5 53.Ne2 Nd4 54.Nxd4 exd4 55.h6 a3 56.h7 a2 57.h8=Q a1=Q
58.Qb8+ Kc5 59.Qc7+ Kb5 60.Qc6+  1-0

[Event "7th Americas Continental Playoff 2012"]
[Site "Mar del Plata ARG"]
[Date "2012.10.21"]
[Round "1.1"]
[White "Granda Zuniga,J"]
[Black "Flores,Di"]
[Result "1-0"]
[WhiteElo "2647"]
[BlackElo "2598"]

1.d4 Nf6 2.c4 g6 3.Nc3 Bg7 4.e4 d6 5.Nf3 O-O 6.Be2 e5 7.d5 a5 8.Bg5 h6 9.Bh4 Na6
10.Nd2 Bd7 11.O-O Qe8 12.b3 Nh7 13.a3 h5 14.f3 Bh6 15.Rb1 Be3+ 16.Kh1 Bc5
17.Qc1 f5 18.exf5 gxf5 19.f4 e4 20.Re1 Nf6 21.h3 Qg6 22.Nf1 Rf7 23.Ne3 Rg7
24.Bf1 Nh7 25.Nc2 Bb6 26.b4 axb4 27.axb4 Re8 28.Qd2 Qh6 29.Nd4 Bxd4 30.Qxd4 Qxf4
31.Bf2 Ng5 32.Be3 Qh4 33.Bf2 Qf4 34.Ne2 Qe5 35.Be3 Qxd4 36.Bxd4 h4 37.Nf4 Nh7
38.c5 Bc8 39.c6 Rg3 40.Bf2 Rc3 41.Bxh4 Rc2 42.Re3 Kf7 43.Ra3 bxc6 44.Bxa6 Bxa6
45.Rxa6 cxd5 46.Nxd5 Nf8 47.Ne3 Rd2 48.Nxf5 e3 49.Nxe3 Rxe3 50.Bg5 Red3 51.Bxd2 Rxd2
52.Rf1+ Ke7 53.Ra3 Nd7 54.Rg3 Rc2 55.Rg7+ Ke6 56.Rff7 Ne5 57.Rxc7 Rb2 58.Rb7 d5
59.Rg5 Nc4 60.Rc7 Ne3 61.Rc6+ Kd7 62.Rf6 Rxb4 63.Rg7+ Ke8 64.Rh6 Kf8 65.Rd7 Rb1+
66.Kh2 Nf1+ 67.Kg1 Ng3+ 68.Kf2 Ne4+ 69.Ke3 Re1+ 70.Kf4 Kg8  1-0

[Event "7th Americas Continental Playoff 2012"]
[Site "Mar del Plata ARG"]
[Date "2012.10.21"]
[Round "2.2"]
[White "Hansen,Eric"]
[Black "Granda Zuniga,J"]
[Result "1/2-1/2"]
[WhiteElo "2527"]
[BlackElo "2647"]

1.e4 c6 2.d4 d5 3.e5 Bf5 4.Nf3 e6 5.Be2 Nd7 6.O-O Nh6 7.Nbd2 f6 8.Nb3 Nf7
9.Bf4 g5 10.Be3 Bg7 11.exf6 Qxf6 12.c4 O-O 13.Rc1 h6 14.Na5 Rab8 15.b4 dxc4
16.Nxc4 Be4 17.a4 Bd5 18.b5 Rbc8 19.Qd2 cxb5 20.axb5 Rc7 21.Nce5 Rxc1 22.Rxc1 Ndxe5
23.dxe5 Nxe5 24.Nxe5 Qxe5 25.Bxa7 Ra8 26.Be3 Ra1 27.Bf1 Rxc1 28.Qxc1 Qa1
29.Qc8+ Kh7 30.Qc2+ Kg8 31.Qc8+ Kh7 32.Qc2+ Kg8 33.Qd1  1/2-1/2

[Event "7th Americas Continental 2012"]
[Site "Mar del Plata ARG"]
[Date "2012.10.21"]
[Round "11.1"]
[White "Iturrizaga,E"]
[Black "Granda Zuniga,J"]
[Result "0-1"]
[WhiteElo "2639"]
[BlackElo "2647"]

1.Nf3 g6 2.d4 Bg7 3.e4 c5 4.d5 d6 5.Nc3 Nf6 6.Bb5+ Nbd7 7.a4 O-O 8.O-O a6
9.Be2 Rb8 10.Re1 Ne8 11.Bf4 b6 12.Qd2 Nc7 13.Bh6 Bxh6 14.Qxh6 f6 15.Nd2 Ne5
16.f4 Nf7 17.Qh4 b5 18.axb5 axb5 19.Kh1 e6 20.dxe6 Bxe6 21.Bf3 f5 22.Qxd8 Nxd8
23.e5 d5 24.Ra7 Rf7 25.Raa1 d4 26.Ne2 Rd7 27.Red1 Bc4 28.Nxc4 bxc4 29.b4 cxb3
30.cxb3 Rxb3 31.Nc1 Rc3 32.Nd3 Nde6 33.Rac1 c4 34.Nb2 Rxc1 35.Rxc1 c3 36.Nd3 Na6
37.Bc6 Rd8  0-1

[Event "7th Americas Continental Playoff 2012"]
[Site "Mar del Plata ARG"]
[Date "2012.10.22"]
[Round "5.1"]
[White "Kaidanov,G"]
[Black "Granda Zuniga,J"]
[Result "1/2-1/2"]
[WhiteElo "2587"]
[BlackElo "2647"]

1.e4 c6 2.d4 d5 3.exd5 cxd5 4.c4 Nf6 5.Nc3 Nc6 6.Nf3 Bg4 7.cxd5 Nxd5 8.Qb3 Bxf3
9.gxf3 e6 10.Qxb7 Nxd4 11.Bb5+ Nxb5 12.Qc6+ Ke7 13.Qxb5 Qd7 14.Nxd5+ Qxd5
15.Qxd5 exd5 16.Be3 Ke8  1/2-1/2

[Event "4th Marcel Duchamp GM"]
[Site "Buenos Aires ARG"]
[Date "2012.10.24"]
[Round "2"]
[White "Alonso,S"]
[Black "Granda Zuniga,J"]
[Result "1-0"]
[WhiteElo "2506"]
[BlackElo "2647"]

1.e4 c5 2.Nf3 e6 3.d4 cxd4 4.Nxd4 a6 5.Nc3 Qc7 6.Bd3 Nf6 7.Qe2 d6 8.f4 Nbd7
9.Nf3 b5 10.O-O b4 11.Na4 Bb7 12.e5 dxe5 13.fxe5 Ng4 14.Be4 Bc6 15.Bxc6 Qxc6
16.Nd4 Qxa4 17.Qf3 O-O-O 18.Qxg4 Nxe5 19.Qe4 Bc5 20.Be3 Rd5 21.Nb3 Bxe3+
22.Qxe3 Rhd8 23.a3 bxa3 24.Rxa3 Qb5 25.Raa1 R8d6 26.Kh1 Kb8 27.Qg3 g6 28.h3 h5
29.Rfe1 Nc4 30.Rf1 Rf5 31.Rxf5 Qxf5 32.Qc3 Qb5 33.Qf6 Rd7 34.Qh8+ Kb7 35.Qc3 Rc7
36.Rd1 Ka7 37.Rd8 Qe5 38.Qb4 Nb6 39.Nd4 Qc5 40.Qd2 e5 41.Nf3 e4 42.Nd4 Qe7
43.Rd6 Qe8 44.Qa5  1-0

[Event "4th Marcel Duchamp GM"]
[Site "Buenos Aires ARG"]
[Date "2012.10.25"]
[Round "3"]
[White "Granda Zuniga,J"]
[Black "Flores,Di"]
[Result "1-0"]
[WhiteElo "2647"]
[BlackElo "2598"]

1.d4 Nf6 2.c4 e6 3.Nc3 c5 4.d5 exd5 5.cxd5 d6 6.Nf3 g6 7.h3 Bg7 8.Bf4 O-O
9.e3 a6 10.a4 Qe7 11.Be2 Nbd7 12.O-O Rb8 13.Re1 Ne8 14.Nd2 Ne5 15.Bg3 Nc7
16.a5 b5 17.axb6 Rxb6 18.Qc2 Rb4 19.Kh1 f5 20.f4 Nf7 21.Bf3 Nb5 22.Bf2 Qb7
23.Na4 Bd7 24.Ra2 Nc7 25.Nc4 Rb8 26.b3 Qc8 27.Rb1 Qe8 28.Be1 Rxc4 29.Qxc4 Bb5
30.Qc2 Qxe3 31.Qd2 Qxd2 32.Bxd2 Bd3 33.Re1 Kf8 34.Ba5 Ne8 35.Nb6 Nf6 36.Re6 Rb7
37.b4 c4 38.b5 axb5 39.Bb4 Rxb6 40.Ra8+ Nd8 41.Bxd6+ Rxd6 42.Rxd6 Ke7 43.Rdxd8 Nd7
44.d6+ Ke6 45.Ra7 c3 46.Rdxd7 c2 47.Re7+ Kxd6 48.Re1  1-0

[Event "4th Marcel Duchamp GM"]
[Site "Buenos Aires ARG"]
[Date "2012.10.26"]
[Round "4"]
[White "Granda Zuniga,J"]
[Black "Felgaer,R"]
[Result "1/2-1/2"]
[WhiteElo "2647"]
[BlackElo "2579"]

1.Nf3 c5 2.e3 g6 3.d4 Bg7 4.c3 d6 5.Be2 Nf6 6.O-O O-O 7.a4 Nbd7 8.Na3 d5
9.Qb3 a6 10.c4 e6 11.Rd1 Qc7 12.Bd2 b6 13.Rac1 Bb7 14.Qa2 Ne4 15.Be1 Rac8
16.b4 cxd4 17.Nxd4 Qb8 18.Qb1 Qa8 19.cxd5 Bxd5 20.f3 Rxc1 21.Rxc1 Bh6 22.Ndc2 Rc8
23.fxe4 Bxe4 24.Bf2 Ne5 25.Qb2 Bg7 26.Nd4 Rxc1+ 27.Qxc1 Bxg2 28.Nac2 Be4
29.Ne1 Qd8 30.Bg3 h5 31.Ndf3 Ng4 32.h3 Nf6 33.Qc4 Bb7 34.Be5 Bh6 35.Bf4 Bxf4
36.exf4 Nd5 37.Nd3 Qd6 38.Kf2 a5 39.bxa5 bxa5 40.Qc5 Qd8 41.Kg3 Nf6 42.Nf2 Bd5
43.Qd4 Qe7 44.Ng5 Qa3+ 45.Nd3 Ne8 46.Qc5 Qa2 47.Qc8 Qxa4 48.Bf3 Bxf3 49.Kxf3 Kg7
50.Qb7 Qd1+ 51.Kg2 Qd2+ 52.Nf2 Qd5+ 53.Qxd5 exd5 54.Nd3 a4 55.Nf3 Nd6 56.Nd4 Kf6
57.Nb4 g5 58.Kf3 Nf5 59.Nxd5+ Kg6 60.Nb5 Nh4+ 61.Kf2 Kf5 62.fxg5 Kxg5 63.Ndc3 Ng6
64.Kg3 f5 65.Nxa4 f4+ 66.Kh2 f3 67.Nac3 Nf4 68.Ne4+ Kf5 69.Nf2 h4 70.Nd4+ Ke5
71.Nc2 Kd5 72.Kg1 Kc4 73.Kf1 Kc3 74.Ne1 Kd2 75.Nxf3+ Ke3 76.Ne1 Kd4 77.Ng2 Nxh3
78.Nxh3 Kd3 79.Kf2 Kd4  1/2-1/2

[Event "4th Marcel Duchamp GM"]
[Site "Buenos Aires ARG"]
[Date "2012.10.27"]
[Round "5"]
[White "Mareco,S"]
[Black "Granda Zuniga,J"]
[Result "1/2-1/2"]
[WhiteElo "2581"]
[BlackElo "2647"]

1.d4 d5 2.c4 c6 3.Nf3 Nf6 4.Nc3 e6 5.e3 Nbd7 6.Qc2 Bd6 7.Be2 O-O 8.O-O Re8
9.Rd1 Qe7 10.e4 Nxe4 11.Nxe4 dxe4 12.Qxe4 e5 13.Bg5  1/2-1/2

[Event "4th Marcel Duchamp GM"]
[Site "Buenos Aires ARG"]
[Date "2012.10.28"]
[Round "6"]
[White "Peralta,Fe"]
[Black "Granda Zuniga,J"]
[Result "0-1"]
[WhiteElo "2593"]
[BlackElo "2647"]

1.d4 Nf6 2.c4 g6 3.Nc3 Bg7 4.e4 d6 5.Nf3 O-O 6.Be2 e5 7.Be3 Nbd7 8.O-O c6
9.d5 Qe7 10.b4 Ng4 11.Bg5 f6 12.Bd2 f5 13.Ng5 Ndf6 14.h3 Nh6 15.c5 dxc5 16.bxc5 Kh8
17.d6 Qe8 18.Bc4 b5 19.cxb6 axb6 20.a4 Qd8 21.Qb3 Ne8 22.Ne6 Bxe6 23.Bxe6 Nxd6
24.Be3 Rb8 25.Rab1 Qe7 26.Rfd1 fxe4 27.Rxd6 Qxd6 28.Nxe4 Qe7 29.Bg5 Qa7 30.Nd6 b5
31.axb5 Qxf2+ 32.Kh1 cxb5 33.Be7 Rf4 34.Bg5 e4 35.Qb4 Be5 36.Rg1 Qg3  0-1

[Event "4th Marcel Duchamp GM"]
[Site "Buenos Aires ARG"]
[Date "2012.10.29"]
[Round "7"]
[White "Granda Zuniga,J"]
[Black "Alonso,S"]
[Result "1-0"]
[WhiteElo "2647"]
[BlackElo "2506"]

1.Nf3 Nf6 2.g3 d5 3.Bg2 c6 4.d3 Bg4 5.Nbd2 Nbd7 6.h3 Bh5 7.g4 Bg6 8.Nh4 e6
9.c3 Bd6 10.Qc2 Qe7 11.Ndf3 e5 12.Be3 a6 13.O-O-O O-O-O 14.Kb1 Kb8 15.Bd2 Rhe8
16.Be1 Bc7 17.Nd2 e4 18.Nb3 Ng8 19.f3 exf3 20.exf3 Qf6 21.Bf2 Ne7 22.Rhe1 h6
23.Re2 Nc8 24.Nxg6 fxg6 25.Rde1 Nd6 26.Nc1 Rxe2 27.Rxe2 Re8 28.Rxe8+ Nxe8
29.Qe2 Qe5 30.f4 Qxe2 31.Nxe2 Bb6 32.d4 Bc7 33.Kc2 Nf8 34.Be3 Kc8 35.Nc1 Ne6
36.Nd3 Nf6 37.Ne5 g5 38.f5 Nf8 39.b3 N8d7 40.Nf7 Nb6 41.Kd3 Kd7 42.c4 Ke7
43.Ne5 Nbd7 44.Ng6+ Kf7 45.Bd2 Bd6 46.Bc3 Ke8 47.Bf3 Bc7 48.Bb4 Kf7 49.Ne7 dxc4+
50.bxc4 c5 51.Nd5 Bd6 52.Ba3 b6 53.Bb2 cxd4 54.Bxd4 Bc5 55.Bc3 Ne8 56.Ne3 Ndf6
57.Nc2 Be7 58.Nb4 a5 59.Nc6 Bc5 60.Nd8+ Ke7 61.Ne6 Bg1 62.Bb2 Kf7 63.Bc6 Bf2
64.Ba3 Bg1 65.Nd8+ Kg8 66.Be7 Nc7 67.Bd6 Na6 68.Bd5+ Kh7 69.Bf7 Nc5+ 70.Ke2 Nce4
71.Be5 Bc5 72.Ne6 Bg1 73.Nc7 Nd7 74.Bb2 Bh2 75.Nb5 Be5 76.Bxe5 Nxe5 77.Bd5 Nc5
78.Ke3 h5 79.gxh5 Kh6 80.Kd4 Ncd7 81.a3 Kxh5 82.Be6 Nc6+  1-0

[Event "4th Marcel Duchamp GM"]
[Site "Buenos Aires ARG"]
[Date "2012.10.30"]
[Round "8"]
[White "Flores,Di"]
[Black "Granda Zuniga,J"]
[Result "1/2-1/2"]
[WhiteElo "2598"]
[BlackElo "2647"]

1.c4 c5 2.Nf3 g6 3.g3 Bg7 4.Bg2 Nc6 5.Nc3 e5 6.O-O Nge7 7.Ne1 O-O 8.Nc2 a6
9.Rb1 b5 10.cxb5 axb5 11.Nxb5 d5 12.d3 Be6 13.a3 Qb6 14.Nc3 e4 15.dxe4 dxe4
16.Nxe4 Ba2 17.Ra1 Bb3 18.Be3 Rfd8 19.Qc1 Nd4 20.Nxd4 cxd4 21.Bg5 f6 22.Qc5 Qe6
23.Bxf6 Bxf6 24.Nxf6+ Qxf6 25.Bxa8 Rxa8 26.Qb4 Bd5 27.Rad1 Nc6 28.Qc5 Qe6
29.b4 Rxa3 30.Ra1 Rxa1 31.Rxa1 Ne7 32.Qxd4 Qxe2 33.Qf4 Bc6 34.Rc1 Qd3 35.Qc4+ Qxc4
36.Rxc4 Kf7 37.Rc5 Ke6 38.b5 Bd7 39.b6 Bc6 40.Rc4 h5 41.h3 Kd7 42.Rf4 Nf5
43.g4 hxg4 44.hxg4 Nd6 45.Rf6 Be4 46.f3 Bc2 47.Rf8 Kc6 48.Rd8 Bb3 49.Kf2 Ba2
50.Kg3 g5 51.Rh8 Kxb6 52.Rh6 Kc7 53.Rg6 Nf7 54.f4 gxf4+ 55.Kxf4 Kd7 56.Rb6 Ke7
57.g5 Nxg5 58.Kxg5 Bc4 59.Kf5 Kd7 60.Ke5 Kc7 61.Rb4 Bg8 62.Rg4 Ba2 63.Rg2 Bb3
64.Rg3 Ba2 65.Ra3 Bg8 66.Rg3 Ba2 67.Rc3+ Kd7 68.Ra3 Bg8 69.Ra6 Bc4 70.Ra7+ Kc6
71.Kd4 Bb3 72.Ra1 Bg8 73.Rc1+ Kd7 74.Ke5 Bf7 75.Rf1 Bg8 76.Rg1 Bb3  1/2-1/2

[Event "4th Marcel Duchamp GM"]
[Site "Buenos Aires ARG"]
[Date "2012.10.31"]
[Round "9"]
[White "Felgaer,R"]
[Black "Granda Zuniga,J"]
[Result "1/2-1/2"]
[WhiteElo "2579"]
[BlackElo "2647"]

1.e4 c6 2.Nc3 d5 3.Nf3 dxe4 4.Nxe4 Nf6 5.Nxf6+ exf6 6.Bc4 Qe7+ 7.Qe2 Qxe2+
8.Bxe2 Bf5 9.c3 Bd6 10.d4 O-O 11.Nh4 Be6 12.Bd3 c5 13.Nf5 Bxf5 14.Bxf5 g6
15.Bc2 cxd4 16.cxd4 Nc6 17.Be3 f5 18.g3 Nb4 19.Kd2 Nd5 20.Bb3 Nxe3 21.Kxe3  1/2-1/2

[Event "4th Marcel Duchamp GM"]
[Site "Buenos Aires ARG"]
[Date "2012.11.01"]
[Round "10"]
[White "Granda Zuniga,J"]
[Black "Mareco,S"]
[Result "0-1"]
[WhiteElo "2647"]
[BlackElo "2581"]

1.Nf3 Nf6 2.c4 e6 3.Nc3 Bb4 4.Qc2 c5 5.a3 Ba5 6.d4 cxd4 7.Nxd4 Nc6 8.Nxc6 bxc6
9.c5 d5 10.cxd6 Qxd6 11.b4 Bb6 12.e3 a5 13.Na4 Bc7 14.Bd2 O-O 15.Rd1 Nd5
16.Nc5 axb4 17.axb4 Qe7 18.e4 Re8 19.g3 Rb8 20.Qa4 Bd6 21.Qxc6 Bb7 22.Nxb7 Bxb4
23.Bb5 Rec8 24.Qd7 Bxd2+ 25.Kf1 Qf6 26.Kg2 Rc7 27.Rxd2 Rxd7 28.Bxd7 Qg5 29.Rc2 Nf4+
30.Kf3 Nd3 31.Kg2 h5 32.Rb1 h4  0-1

[Event "XVIII Navalmoral Open"]
[Site "Navalmoral de la Mata ESP"]
[Date "2012.12.05"]
[Round "1.2"]
[White "Rodriguez Garcia,M"]
[Black "Granda Zuniga,J"]
[Result "0-1"]
[WhiteElo "2144"]
[BlackElo "2641"]

1.d4 d5 2.c4 dxc4 3.Nf3 Nf6 4.e3 e6 5.Bxc4 c5 6.O-O a6 7.a4 Nc6 8.Nc3 Be7
9.Qe2 O-O 10.Rd1 Qc7 11.h3 Rd8 12.d5 exd5 13.Bxd5 Nb4 14.e4 Nfxd5 15.exd5 Bf5
16.Qc4 Bd6 17.Bg5 Re8 18.Rac1 b6 19.g4 Bg6 20.Nh4 h6 21.Be3 Bh7 22.Nf5 Bxf5
23.gxf5 Qe7 24.Qg4 Qe5 25.Kf1 Kh7 26.a5 b5 27.b3 Rac8 28.f6 g6 29.Ne2 Qxf6
30.Ng3 Rxe3  0-1

[Event "XVIII Navalmoral Open"]
[Site "Navalmoral de la Mata ESP"]
[Date "2012.12.06"]
[Round "2.2"]
[White "Granda Zuniga,J"]
[Black "Enchev,I"]
[Result "1/2-1/2"]
[WhiteElo "2641"]
[BlackElo "2411"]

1.Nf3 c5 2.c4 Nc6 3.Nc3 g6 4.g3 Bg7 5.Bg2 Nh6 6.e4 d6 7.d3 f5 8.O-O O-O 9.Bd2 fxe4
10.dxe4 Be6 11.b3 Nf7 12.h3 a6 13.a4 Rb8 14.Kh2 b5 15.axb5 axb5 16.cxb5 Bxc3
17.Bxc3 Rxb5 18.Nd2 Nd4 19.b4 Nc6 20.Qe2 Qb6 21.bxc5 Rxc5 22.Rab1 Qc7 23.Ba1 Ra8
24.Qe3 Rc2 25.e5 dxe5 26.Be4 Rca2 27.Rb6 R8a3 28.Qc5 Qd6 29.Qxc6 Rxd2 30.Qe8+ Kg7
31.Rc6 Qd7 32.Qxd7 Bxd7 33.Rc2 Ra2 34.Rxa2 Rxa2 35.Bd5 Rd2 36.Bxf7 Kxf7 37.Bxe5 Bb5
38.Rc1 Rxf2+ 39.Kg1 Rf5 40.Re1 Rf3 41.Kg2 Bc6 42.Kg1 Ra3 43.h4 Ra2 44.Bf4 e6
45.Rc1 Bd5 46.Be5 Re2 47.Rc7+ Ke8 48.Bd6 h5  1/2-1/2

[Event "XVIII Navalmoral Open"]
[Site "Navalmoral de la Mata ESP"]
[Date "2012.12.06"]
[Round "3.6"]
[White "Moreno Tejera,E"]
[Black "Granda Zuniga,J"]
[Result "1/2-1/2"]
[WhiteElo "2386"]
[BlackElo "2641"]

1.e4 c5 2.Nf3 e6 3.d4 cxd4 4.Nxd4 a6 5.Be2 Nf6 6.Nc3 d6 7.O-O Be7 8.f4 Qc7
9.Kh1 O-O 10.a4 Bd7 11.a5 Nc6 12.Nb3 Nb4 13.Be3 Rac8 14.Bf3 e5 15.Qd2 Rfe8
16.Bb6 Qb8 17.Be3 Bf8 18.Rad1 Ng4 19.Bxg4 Bxg4 20.Rc1 Be6 21.Nd5 Nxd5 22.exd5 Bd7
23.c4 exf4 24.Bxf4 Re4 25.Qd3 Rce8 26.Nc5 Rxf4 27.Nxd7 Rxf1+ 28.Rxf1 Qc7
29.Qf5 f6 30.Qg4 Kh8 31.b4 h6 32.Nxf8 Rxf8 33.Re1 b6 34.axb6 Qxb6 35.Re7 Rg8
36.h3 Qxb4 37.Qe4 f5 38.Qf4 a5 39.Re6 Ra8 40.Rxh6+ gxh6 41.Qxh6+ Kg8 42.Qg6+ Kh8
43.Qh6+ Kg8 44.Qg6+ Kf8 45.Qxf5+ Ke7 46.Qe6+ Kd8 47.Qg8+ Kc7 48.Qxa8 Qe1+
49.Kh2 Qe5+ 50.Kh1 Qe1+ 51.Kh2 Qe5+ 52.Kh1 Qa1+ 53.Kh2 Qe5+  1/2-1/2

[Event "XVIII Navalmoral Open"]
[Site "Navalmoral de la Mata ESP"]
[Date "2012.12.07"]
[Round "4.7"]
[White "Granda Zuniga,J"]
[Black "Cabezas Ayala,I"]
[Result "1-0"]
[WhiteElo "2641"]
[BlackElo "2315"]

1.d4 Nf6 2.c4 g6 3.Nc3 Bg7 4.e4 d6 5.f3 O-O 6.Nge2 Nc6 7.Be3 a6 8.Qd2 Rb8
9.Rc1 e6 10.Nd1 Nd7 11.Nf2 Ne7 12.h4 c5 13.h5 cxd4 14.Nxd4 Nf6 15.g4 Nc6
16.Be2 d5 17.cxd5 exd5 18.hxg6 fxg6 19.Rxc6 bxc6 20.Nxc6 Qc7 21.Nxb8 Qxb8
22.g5 Ne8 23.Qxd5+ Kh8 24.Nd3 Qg3+ 25.Bf2 Qg2 26.Rg1 Qh3 27.Bd4 Be6 28.Qc5 Kg8
29.Ne5 Bxa2 30.Bc4+  1-0

[Event "XVIII Navalmoral Open"]
[Site "Navalmoral de la Mata ESP"]
[Date "2012.12.07"]
[Round "5.2"]
[White "Forcen Esteban,D"]
[Black "Granda Zuniga,J"]
[Result "0-1"]
[WhiteElo "2469"]
[BlackElo "2641"]

1.e4 e5 2.Bc4 Nf6 3.Nc3 d6 4.Nf3 Be7 5.d4 Nc6 6.dxe5 Nxe5 7.Nxe5 dxe5 8.Qxd8+ Bxd8
9.f3 c6 10.a4 a5 11.Be3 Nd7 12.Rd1 Bc7 13.Nb1 Ke7 14.Bg5+ f6 15.Be3 b6 16.b3 Nf8
17.Bc1 Bd6 18.Ba3 Bb4+ 19.Kf2 Ne6 20.Rd2 Rd8 21.Rxd8 Kxd8 22.h4 Kc7 23.h5 h6
24.g3 Bd7 25.Rd1 Ng5 26.Ke3 Rd8 27.f4 Nxe4 28.Kxe4 Bf5+ 29.Kxf5 Rxd1 30.c3 c5
31.cxb4 cxb4 32.fxe5 Rxb1 33.exf6 gxf6 34.Bxb4 axb4 35.Kxf6 Rg1 36.Kg6 Rxg3+
37.Kxh6 Kd7 38.Kh7 Ke7 39.h6 Kf6 40.Kh8 Rg6 41.h7 Rg7 42.Bd5 Rd7 43.Bc4 Rd8+
44.Bg8 Kg6 45.a5 b5 46.a6 Ra8 47.a7 Rxa7 48.Bf7+ Rxf7  0-1

[Event "XVIII Navalmoral Open"]
[Site "Navalmoral de la Mata ESP"]
[Date "2012.12.08"]
[Round "6.2"]
[White "Granda Zuniga,J"]
[Black "Narciso Dublan,M"]
[Result "1/2-1/2"]
[WhiteElo "2641"]
[BlackElo "2551"]

1.Nf3 Nf6 2.g3 d5 3.Bg2 g6 4.d4 Bg7 5.Nbd2 O-O 6.O-O Na6 7.b3 c5 8.Bb2 b6
9.c4 Bb7 10.e3 e6 11.a3 Rc8 12.Rc1 Qe7 13.Rc2 dxc4 14.bxc4 Rfd8 15.Qe2 Ne4
16.Nb3 Nd6 17.Rd1 cxd4 18.exd4 Nf5 19.g4 Nh6 20.h3 Re8 21.Ne1 f5 22.Rd3 Nb8
23.Re3 f4 24.Bxb7 fxe3 25.Bxc8 exf2+ 26.Kxf2 Rxc8 27.Nf3 Nc6 28.Qe4 Nf7 29.Kg2 Nd6
30.Qd3 Nd8 31.Bc1 Qb7 32.c5 N6f7 33.Qc4 b5 34.Qd3 a6 35.Be3 Qd5 36.Nd2 Ne5
37.Qe2 Nec6 38.Qd3 Ne5 39.Qe2 Nxf3 40.Qxf3 Nc6 41.Qxd5 exd5 42.Nf3 a5 43.Rb2 b4
44.axb4 axb4 45.Ra2 b3 46.Ra6 b2 47.Rb6 Rb8 48.Nd2 Rxb6 49.cxb6 Bxd4 50.Bxd4 Nxd4
51.Kf2 Kf7 52.Ke3 Nc6 53.Kd3 Kf6 54.Kc2 Kg5 55.b7 Kh4 56.Nf3+ Kxh3 57.g5 Nb8
58.Ne5 Kg3 59.Kxb2 Kf4 60.Nf7 Kf5 61.Kc3 Ke6 62.Nh6 Nc6 63.Kd3 Kd6 64.Ng4 Kc7
65.Nf6 Ne7 66.Kd4 Kxb7 67.Kc5 Kc7 68.Nxh7 Kd7 69.Nf8+ Ke8 70.Nxg6 Nxg6 71.Kxd5  1/2-1/2

[Event "XVIII Navalmoral Open"]
[Site "Navalmoral de la Mata ESP"]
[Date "2012.12.08"]
[Round "7.2"]
[White "Perez Candelario,Man"]
[Black "Granda Zuniga,J"]
[Result "0-1"]
[WhiteElo "2568"]
[BlackElo "2641"]

1.e4 d6 2.d4 Nf6 3.Nc3 g6 4.f3 c6 5.Be3 b5 6.Qd2 Bg7 7.g4 h5 8.g5 Nfd7 9.a4 b4
10.Nce2 c5 11.f4 Bb7 12.Bg2 Nc6 13.Nh3 Qb6 14.dxc5 Nxc5 15.O-O Na5 16.b3 Bxa1
17.Rxa1 O-O 18.Nf2 Rac8 19.f5 Nc6 20.f6 Qd8 21.Nf4 exf6 22.Nd5 fxg5 23.Bxg5 f6
24.Bh6 Rf7 25.Bh3 Ne5 26.Kh1 Kh7 27.Bf4 a5 28.Re1 Rb8 29.Bg2  0-1

[Event "XVIII Navalmoral Open"]
[Site "Navalmoral de la Mata ESP"]
[Date "2012.12.09"]
[Round "8.1"]
[White "Granda Zuniga,J"]
[Black "Matamoros Franco,C"]
[Result "1/2-1/2"]
[WhiteElo "2641"]
[BlackElo "2519"]

1.c4 g6 2.g3 Bg7 3.Bg2 Nf6 4.Nc3 O-O 5.d4 d6 6.Nf3 Nc6 7.O-O Rb8 8.Qc2 Bf5
9.e4 Bg4 10.Be3 Nd7 11.Qd2 e5 12.d5 Bxf3 13.Bxf3 Nd4 14.Bg2 c5 15.dxc6 bxc6
16.f4 Nf6 17.Kh1 Ng4 18.Bg1 f5 19.Rae1 Kh8 20.Nd1 Qd7 21.b3 Rbe8 22.Nb2 c5
23.fxe5 dxe5 24.Na4 Qc8 25.Nc3 Bh6 26.Qd1 f4 27.Nd5 Rf7 28.gxf4 exf4 29.Bxd4+ cxd4
30.Bh3 Nf2+ 31.Rxf2 Qxh3 32.Rf3 Qh5 33.Qxd4+ Bg7 34.Qd3 Be5 35.Rh3 Qg4 36.Rg1 Qe6
37.Rf3 Bb8 38.Qd4+ Be5 39.Qd3 Bb8 40.Re1 Be5 41.Rg1  1/2-1/2

[Event "6th Augusta Aragon Open"]
[Site "Zaragoza ESP"]
[Date "2012.12.23"]
[Round "2.1"]
[White "Schmitz,Man"]
[Black "Granda Zuniga,J"]
[Result "0-1"]
[WhiteElo "2032"]
[BlackElo "2641"]

1.d4 Nf6 2.Nf3 e6 3.c4 b6 4.e3 Bb7 5.Bd3 Be7 6.Nc3 d5 7.O-O O-O 8.b3 c5 9.Bb2 Nbd7
10.cxd5 exd5 11.Rc1 Bd6 12.Nb5 Bb8 13.Ne5 a6 14.Na3 Re8 15.f4 Bd6 16.Bf5 Nf8
17.Nc2 Qe7 18.Ne1 Rad8 19.N1f3 Ne4 20.Re1 f6 21.Nd3 Qf7 22.Rc2 c4 23.Nf2 Bb4
24.Ree2 Nd6 25.Bh3 b5 26.g4 Bc8 27.Kh1 Re7 28.Qf1 Rde8 29.Bc1 Kh8 30.Qg2 Ba5
31.Qg3 Bc7 32.Bg2 a5 33.h4 h5 34.Nd2 hxg4 35.e4 Nf5 36.exf5 Rxe2 37.Bf1 Bxf5
38.Bxe2 Rxe2 39.Rc3 Re1+  0-1

[Event "6th Augusta Aragon Open"]
[Site "Zaragoza ESP"]
[Date "2012.12.23"]
[Round "3.1"]
[White "Granda Zuniga,J"]
[Black "Chueca Forcen,A"]
[Result "1-0"]
[WhiteElo "2641"]
[BlackElo "2310"]

1.Nf3 e6 2.g3 d5 3.Bg2 f5 4.c4 c6 5.Qc2 Nf6 6.b3 Na6 7.O-O Be7 8.d4 O-O 9.Bb2 b6
10.Nbd2 Bb7 11.Rac1 Rc8 12.Qb1 Ne4 13.Rfd1 Qe8 14.Ne5 Qh5 15.Nxe4 fxe4 16.f3 c5
17.cxd5 exd5 18.Qa1 cxd4 19.Bxd4 Ba3 20.Rxc8 Rxc8 21.Ng4 Bc5 22.Ne3 Qf7 23.Bh3 Re8
24.f4 Rd8 25.Qc3 Bxd4 26.Qxd4 Nc7 27.a4 Ne6 28.Qe5 Nc5 29.b4 Re8 30.Qd6 Nxa4
31.Rc1 Ba8 32.Bd7  1-0

[Event "6th Augusta Aragon Open"]
[Site "Zaragoza ESP"]
[Date "2012.12.24"]
[Round "4.1"]
[White "Garza Marco,S"]
[Black "Granda Zuniga,J"]
[Result "1-0"]
[WhiteElo "2438"]
[BlackElo "2641"]

1.d4 d5 2.Bf4 Nf6 3.e3 c5 4.dxc5 Qa5+ 5.Nd2 Nc6 6.Nf3 Bg4 7.Be2 Qxc5 8.O-O e6
9.c4 Be7 10.cxd5 Nxd5 11.Bg3 O-O 12.Rc1 Qb6 13.Nc4 Qd8 14.Qb3 Na5 15.Nxa5 Qxa5
16.Qxb7 Bf6 17.e4 Nb6 18.Bd6 Rfd8 19.e5 Bxf3 20.Qxf3 Rac8 21.exf6  1-0